000 00544nam a2200181Ia 4500
005 20250508162025.0
008 008 250505s9999 xx 000 0 eng d
037 _aTextual
040 _aFEDL
_beng
_cFEDL
041 _aeng
_2eng
084 _a372.4, HIT
_qFEDL
100 _aHittleman Daniel R
_966587
245 0 _aDevelopmental reading : A psycholinguistic pers
260 _aChicago, USA
_bRand McNally College Publishing Company
_c1978
300 _axiii,430p.
942 _cTEXL
_h372.4, HIT
999 _c1373892
_d1373892